000
00335nam a2200133Ia 4500
008
240624s9999 xx 000 0 und d
041
_a
eng
082
_a
332.6323 WIL
100
_a
WILSON RICHARD S
245
_a
CORPORATE BONDS
260
_c
1995
_a
Pennsylvania
_b
John Wiley and Sons
300
_a
374 : p. : cm. ; 24
365
_c
_b
30
999
_c
11118
_d
11118